Balance of payments statistics yearbook 2009. Part 1, Country tables

Bibliographic Details
Corporate Authors: International Monetary Fund. Balance of Payments Division., International Monetary Fund. Balance of Payments and External Debt Division., ProQuest (Firm)
Format: Electronic eBook
Language:English
Published: Washington, D.C. : International Monetary Fund, 2009.
Series:Balance of payments statistics yearbook ; 2009, pt.1
Subjects:
Online Access:Click to View
LEADER 01504nam a2200361Ia 4500
001 EBC3013783
003 MiAaPQ
005 20200520144314.0
006 m o d |
007 cr cn|||||||||
008 100907s2009 dcu a s bs i000 0 eng d
020 |z 9781589068728 
035 |a (MiAaPQ)EBC3013783 
035 |a (Au-PeEL)EBL3013783 
035 |a (CaPaEBR)ebr10375411 
035 |a (OCoLC)808088923 
040 |a MiAaPQ  |c MiAaPQ  |d MiAaPQ 
050 4 |a HG3882  |b .B34 2009 
245 0 0 |a Balance of payments statistics yearbook 2009.  |n Part 1,  |p Country tables  |h [electronic resource]. 
246 3 |a BOPSY 2009 : part 1, country tables 
246 3 |a Balance of payments statistics. Yearbook 2009 
260 |a Washington, D.C. :  |b International Monetary Fund,  |c 2009. 
300 |a 1 v. (various pagings) :  |b ill. 
490 0 |a Balance of payments statistics yearbook ;  |v 2009, pt.1 
504 |a Includes bibliographical references. 
533 |a Electronic reproduction. Ann Arbor, MI : ProQuest, 2015. Available via World Wide Web. Access may be limited to ProQuest affiliated libraries. 
650 0 |a Balance of payments  |v Statistics. 
650 0 |a Balance of trade. 
655 4 |a Electronic books. 
710 2 |a International Monetary Fund.  |b Balance of Payments Division. 
710 2 |a International Monetary Fund.  |b Balance of Payments and External Debt Division. 
710 2 |a ProQuest (Firm) 
856 4 0 |u https://ebookcentral.proquest.com/lib/matrademy/detail.action?docID=3013783  |z Click to View